00720nam a2200169 a 450000500170000000800410001702000180005805000180007610000210009424501480011526000390026330000170030250000790031965000230039899900190042195201100044020140412111241.0020311s19uu xx 00 eng d a0-590-46187-7 aERbKe19 1992 aKrulik, Nancy E. aKevin's Christmas vacation scrap book :bHome alone 2 (lost in New York) /cadapted by Nancy E. Krulik; based on the screenplay by John Hughes. aNew York :bScholastic Inc,c1992. a32 p. ; ill. aBased on the sequel to the block buster comedy from Twentieth Century Fox! aChristmasxFiction c102719d102719 00104050aELbELcERd2002-03-11eDonationl0oER Ke19 1992pE2585r2014-04-12 00:00:00w2014-04-12yBK